00768nam a2200193 a 450000100060000000300090000600800410001502000150005604000280007108200190009911000740011824500990019226000600029130000070035165000660035894200120042499900170043695201210045313644CO-ViMGA141112s2004 ck r 000 u spa d a9589206581 aCO-ViMGAbspacCO-ViMGA04a362.732 C357ce aCentro Regional de Formacion de Educadores de Calle. (CERFOCAL)9971610aCenso de instituciones que atienden niños y adolescentes en situacion de riesgo social. Peru aSantafé de Bogotá : bConvenio Andres Bello, c1995 a5914aINSTITUCIONES DE CUIDADOS INFANTILES Y JUVENILES yPeru99717 2ddccBK c38009d38009 00102ddc40708002aMEVIECARbMEVIECARd2017-06-15l0o362.732 C357cep013645r2017-06-15 00:00:00w2017-06-15yBK